The three logics of EU enlargement : interests identities and arguments (notice n° 1631008)

détails MARC
000 -LEADER
fixed length control field 01312cam a2200169 4500500
005 - DATE AND TIME OF LATEST TRANSACTION
control field 20260111104658.0
041 ## - LANGUAGE CODE
Language code of text/sound track or separate title fre
042 ## - AUTHENTICATION CODE
Authentication code dc
100 10 - MAIN ENTRY--PERSONAL NAME
Personal name Piedrafita, Sonia
Relator term author
245 00 - TITLE STATEMENT
Title The three logics of EU enlargement : interests identities and arguments
260 ## - PUBLICATION, DISTRIBUTION, ETC.
Date of publication, distribution, etc. 2005.<br/>
500 ## - GENERAL NOTE
General note 45
520 ## - SUMMARY, ETC.
Summary, etc. In this article we examine three different ways to approach the study of EU Eastern enlargement process: first, from a utility-maximising perspective, second, from the values stemming from EU’s collective identity, and finally, using a deliberative framework. More specifically, we look at whether each of these different rationales can explain the decision to enlarge, the selection of the candidates and the opening of negotiations. In our conclusions, we argue that while an instrumental logic can account for a good deal of EU member states’actions, a logic of justification has a great potential to explain why member states have felt obliged to refer their actions not to material interests but to norms and principles accepted by all.
700 10 - ADDED ENTRY--PERSONAL NAME
Personal name Torreblanca, José I.
Relator term author
786 0# - DATA SOURCE ENTRY
Note Politique européenne | 15 | 1 | 2005-01-01 | p. 29-59 | 1623-6297
856 41 - ELECTRONIC LOCATION AND ACCESS
Uniform Resource Identifier <a href="https://shs.cairn.info/journal-politique-europeenne-2005-1-page-29?lang=en&redirect-ssocas=7080">https://shs.cairn.info/journal-politique-europeenne-2005-1-page-29?lang=en&redirect-ssocas=7080</a>

Pas d'exemplaire disponible.

PLUDOC

PLUDOC est la plateforme unique et centralisée de gestion des bibliothèques physiques et numériques de Guinée administré par le CEDUST. Elle est la plus grande base de données de ressources documentaires pour les Étudiants, Enseignants chercheurs et Chercheurs de Guinée.

Adresse

627 919 101/664 919 101

25 boulevard du commerce
Kaloum, Conakry, Guinée

Réseaux sociaux

Powered by Netsen Group @ 2025